00579nam a22002057a 4500001000500000005001700005008004100022020001800063040002900081050000800110082001000118100001400128245002700142260003100169300003300200505000600233520008900239521002700328521001800355133820230818085435.0230818b cb ||||| |||| 00| 0 eng d a9789673310500 aFISKHbengcFISKHdFISKH aPZ7 a423.1 aAnonymous aTransport & Occupation aSelangor :bMaxim,c[2015] a12 unnumbered pages :c18 cm aB aA children's picture dictionary of different occupations and transportation methods. a100 bLexile estimate aB bRaz-Plus